The Abenaki / Elaine Landau.
Available copies
- 1 of 1 copy available at LARL/NWRL Consortium.
Current holds
0 current holds with 1 total copy.
Show Only Available Copies
| Location | Call Number / Copy Notes | Barcode | Shelving Location | Status | Due Date |
|---|---|---|---|---|---|
| Greenbush Public Library | j 970.004 LAN (Text) | 35500004028500 | Main | Available | - |
Record details
- ISBN: 0531202275
- ISBN: 0531157822 (pbk.)
- Physical Description: 63 p. : col. ill., col. map ; 23 cm.
- Publisher: New York : F. Watts, c1996.
Content descriptions
| Bibliography, etc. Note: | Includes bibliographical references (p. 60-61) and ... Read More |
| Summary, etc.: | Describes the history, culture, and traditions of ... Read More |
Search for related items by subject
| Subject: | Abenaki Indians. |
Search for related items by series
| LDR | 01340cam a2200337 a 4500 | ||
|---|---|---|---|
| 001 | 17878 | ||
| 003 | LARL_NWRL_CONSORTIUM | ||
| 005 | 19960626173837.0 | ||
| 008 | 951102s1996 nyuab j b 001 0 eng | ||
| 020 | . | ‡a0531202275 | |
| 020 | . | ‡a0531157822 (pbk.) | |
| 035 | . | ‡a(OCoLC)33817763 | |
| 043 | . | ‡an-usn-- ‡an-cn--- | |
| 082 | 0 | 0. | ‡a974/.004973 ‡220 |
| 092 | . | ‡a970.004 ‡bLan | |
| 092 | . | ‡aJ 974.00497 L | |
| 100 | 1 | . | ‡aLandau, Elaine. ‡0(LARL_NWRL_CONSORTIUM)64383 |
| 245 | 1 | 4. | ‡aThe Abenaki / ‡cElaine Landau. |
| 260 | . | ‡aNew York : ‡bF. Watts, ‡cc1996. | |
| 300 | . | ‡a63 p. : ‡bcol. ill., col. map ; ‡c23 cm. | |
| 490 | 0 | . | ‡aFirst book |
| 504 | . | ‡aIncludes bibliographical references (p. 60-61) and index. | |
| 520 | . | ‡aDescribes the history, culture, and traditions of the Abenaki Indians, one of the tribes found in the northeastern United States. | |
| 650 | 0. | ‡aAbenaki Indians. ‡0(LARL_NWRL_CONSORTIUM)12692 | |
| 901 | . | ‡a17878 ‡bOCLC ‡c17878 ‡tbiblio | |

Add to basket
Permalink
Disable Highlighting